000 00892nam0a2200289 i 4500
001 RU\NLR\bibl\1903283
005 20240726074127.0
010 _a9785271417498
_95000
021 _aRU
_b2012-30820
_92283
035 _a(NLR Aleph) 001892890
090 _a2943870
_c2943870
100 _a20120515d2012 u y0rusy50 ca
101 1 _arus
_ceng
102 _aRU
105 _ay |||||||||
200 1 _aОбещание пирата
_e[роман]
_fБобби Смит
_g[пер. с англ. Д.М. Петерсонс]
210 _aМосква
_cАстрель
_d2012
215 _a315, [1] с.
_d17
225 1 _aОчарование
225 1 _aМини-Шарм
686 _aШ6(7США)67-440.4{Лх1979-50}
700 1 _aСмит
_bБ.
_gБобби
_4070
801 0 _aRU
_bNLR
_c20120515
_gRCR
801 1 _aRU
_bNLR
_c20120515
942 _cBOOK
980 _aNBR